| 000 | 00387nam a2200157Ia 4500 | ||
|---|---|---|---|
| 005 | 20250211160125.0 | ||
| 008 | 231217s9999 xx 000 0 und d | ||
| 020 | _a9780074632904 | ||
| 082 | _a001.6424JAV NAU1;1 R | ||
| 100 | _aNaughton, Patrick | ||
| 245 | 0 | _aJava handbook | |
| 260 |
_c1996 _bTata McGraw-Hill _aNew Delhi |
||
| 300 | _axxiv+424 | ||
| 650 | _aJava | ||
| 942 | _cAA | ||
| 999 |
_c174247 _d174247 |
||